Taʻbīr al-ruʾyā / (Record no. 614443)

000 -LEADER
fixed length control field 01573nam a2200277 4500
040 ## - CATALOGING SOURCE
Transcribing agency NSHS
082 ## - DEWEY DECIMAL CLASSIFICATION NUMBER
Classification number 297.63
Author Mark SIR
100 1# - MAIN ENTRY--PERSONAL NAME
Personal name Sīrīn, Imām Muḥammad bin
9 (RLIN) 130014
245 1# - TITLE STATEMENT
Title Taʻbīr al-ruʾyā /
Statement of responsibility, etc. Muṣannifah Allamah Muḥammad ibn Sīrīn mutarjam Sayyid Ḥabīb Aḥmad Hāshmī
246 ## - VARYING FORM OF TITLE
Title proper/short title Tabir al-ruya /
246 ## - VARYING FORM OF TITLE
Title proper/short title Tabeer al-ruya
246 ## - VARYING FORM OF TITLE
Title proper/short title tabirrarruya
260 ## - PUBLICATION, DISTRIBUTION, ETC.
Place of publication, distribution, etc. Karāchī:
Name of publisher, distributor, etc. Madīnah Pablishing Company;
Date of publication, distribution, etc. [n.d.]
300 ## - PHYSICAL DESCRIPTION
Extent 224 Pages
500 ## - GENERAL NOTE
General note DC010725
500 ## - GENERAL NOTE
General note Religion
520 ## - SUMMARY, ETC.
Summary, etc. Taʻbīr al-Ruʾyā is a classical Islamic text on dream interpretation, attributed to the renowned 8th-century Muslim scholar Muḥammad ibn Sīrīn. This Urdu translation by Syed Habib Ahmed Hashmi presents a detailed and accessible guide to understanding and interpreting dreams in light of Islamic teachings. The book categorizes various types of dreams, symbolic representations, and their meanings, drawing upon prophetic traditions, Qur’anic references, and the wisdom of early Islamic scholars. It serves as a valuable resource for scholars, students, and general readers interested in the spiritual and psychological aspects of dreams in Islam.
546 ## - LANGUAGE NOTE
Language note In Urdu.
650 #0 - SUBJECT ADDED ENTRY--TOPICAL TERM
Topical term or geographic name entry element Dreams
General subdivision Religious aspects
-- Islam
9 (RLIN) 130237
650 #0 - SUBJECT ADDED ENTRY--TOPICAL TERM
Topical term or geographic name entry element Islam
General subdivision Doctrines
9 (RLIN) 1634
650 #0 - SUBJECT ADDED ENTRY--TOPICAL TERM
Topical term or geographic name entry element Oneiromancy
General subdivision Religious aspects
-- Islam
9 (RLIN) 130238
650 #0 - SUBJECT ADDED ENTRY--TOPICAL TERM
Topical term or geographic name entry element Dream interpretation
General subdivision Islamic literature
9 (RLIN) 130239
700 1# - ADDED ENTRY--PERSONAL NAME
Personal name Hāshmī, Sayyid Ḥabīb Aḥmad
9 (RLIN) 130240
942 ## - ADDED ENTRY ELEMENTS (KOHA)
Source of classification or shelving scheme
Koha item type Book
Holdings
Withdrawn status Lost status Source of classification or shelving scheme Damaged status Not for loan Permanent Location Current Location Date acquired Full call number Barcode Date last seen Price effective from Koha item type
          NUST School of Health Sciences (NSHS) NUST School of Health Sciences (NSHS) 07/22/2025 297.63 SIR NSHS-2031 07/22/2025 07/22/2025 Book
© 2023 Central Library, National University of Sciences and Technology. All Rights Reserved.